书目信息 |
| 题名: |
生理学
|
|
| 作者: | 张镜如 , 周衍椒 主编 | |
| 分册: | ||
| 出版信息: | 北京 人民卫生出版社 1983 |
|
| 页数: | 502页 | |
| 开本: | 25cm | |
| 丛书名: | ||
| 单 册: | ||
| 中图分类: | Q4 | |
| 科图分类: | ||
| 主题词: | 生理学 , 人体生理学--医学院校--教材 | |
| 电子资源: | ||
| ISBN: | ||
| 000 | 00785nam0 2200277 45 | |
| 001 | 0183006425 | |
| 005 | 20070720151944.34 | |
| 010 | @dCNY3.05 | |
| 091 | @a14048.3659 | |
| 100 | @a19950420d1983 em y0chiy0121 ea | |
| 101 | 0 | @achi |
| 102 | @aCN@b110000 | |
| 105 | @ay z 000yy | |
| 200 | 10 | @a生理学@Asheng li xue@f周衍椒, 张镜如主编@Fzhou yan jiao,zhang jing ru zhu bian |
| 205 | @a2版 | |
| 210 | @a北京@c人民卫生出版社@d1983 | |
| 215 | @a502页@d25cm | |
| 300 | @a高等医药院校教材 供医学、儿科、口腔、卫生专业用 | |
| 606 | 0 | @a生理学 |
| 606 | @a人体生理学@x医学院校@x教材 | |
| 690 | @aQ4@v4 | |
| 701 | 0 | @a张镜如@Azhang jing ru@4主编 |
| 701 | 0 | @a周衍椒@Azhou yan jiao@4主编 |
| 801 | 0 | @aCN@b上海图书馆@c20070720 |
| 801 | 2 | @aCN@bNLC@c20060331 |
| 905 | @dQ4@e1=2 | |
| 生理学/周衍椒, 张镜如主编.-2版.-北京:人民卫生出版社,1983 |
| 502页;25cm |
| 高等医药院校教材 供医学、儿科、口腔、卫生专业用 |
| ISBN :CNY3.05 |
| ● |
| 相关链接 |
|
|
|
|
正题名:生理学
索取号:Q4/1=2
 
预约/预借
| 序号 | 登录号 | 条形码 | 馆藏地/架位号 | 状态 | 备注 |
| 1 | 0230187 | 202236419 | 密集书库/ [索取号:Q4/1=2] | 在馆 | |
| 2 | 0230188 | 202236393 | 密集书库/ [索取号:Q4/1=2] | 在馆 | |
| 3 | 0230189 | 202234304 | 密集书库/ [索取号:Q4/1=2] | 在馆 | |
| 4 | 0230190 | 001470303 | 第三借阅区/ [索取号:Q4/1=2] | 在馆 | |
| 5 | 0230191 | 000077106 | 第二样本阅览室/ [索取号:Q4/1=2] | 在馆 | |
| 6 | 0766361 | 207663615 | 密集书库/ [索取号:Q4/1=2] | 在馆 |